| LEADER 00000nam 2200000uu 4500 |
| 001 209271 |
| 003 ULIBM |
| 008 131126s2551||||th 000 0 tha d |
| 020 ^a9789741016938
|
| 041 0 ^atha^beng
|
| 060 04 W20.55.H9^bร451 2551
|
| 245 00 รายงานเบลมองต์ =^bThe Belmont report /^cแปลโดย วิชัย โชควิวัฒน,ทิพิชา โปษยานนท์
|
| 246 00 The Belmont report
|
| 250 พิมพ์ครั้งที่ 1
|
| 260 นนทบุรี :^bสถาบันพัฒนาการคุ้มครองการวิจัยในมนุษย์,^c2551
|
| 300 37 หน้า ;^c24 ซม.
|
| 500 ท้ายเล่มมีต้นฉบับภาษาอังกฤษ
|
| 650 4 การทดลองในมนุษย์^vคู่มือ
|
| 650 4 วิจัย^xแง่ศีลธรรมจรรยา
|
| 700 0 วิชัย โชควิวัฒน,^eผู้แปล
|
| 700 0 ทิพิชา โปษยานนท์,^eผู้แปล
|
| 710 2 สถาบันพัฒนาการคุ้มครองการวิจัยในมนุษย์
|
| 999 ^aใช้งานได้ทุกระบบ
|